| 000 | 00644nam a2200241Ia 4500 | ||
|---|---|---|---|
| 003 | OSt | ||
| 005 | 20220927112114.0 | ||
| 006 | a|||||r|||| 00| 0 | ||
| 007 | ta | ||
| 008 | 220926b |||||||| |||| 00| 0 eng d | ||
| 024 | _a104578 | ||
| 037 | _cReports | ||
| 040 |
_aRTL _cRTL _beng |
||
| 041 |
_2eng _aeng |
||
| 082 | _a"z.252.Nt5, GD" | ||
| 110 |
_a"Uttar pradesh, Publication (Bureau)" _9383112 |
||
| 245 | 0 | _aNext five years | |
| 300 |
_a57p. _ccm. |
||
| 650 | _aGeneralia | ||
| 700 |
_a"Uttar pradesh, Publication (Bureau)" _9383113 |
||
| 942 |
_h"z.252.Nt5, GD" _cCC |
||
| 999 |
_c699804 _d699804 |
||